Chapman Library

THE SCIENCE OF PSYCHOLOGY (Record no. 7326)

000 -LEADER
fixed length control field 00418nam a22001577a 4500
020 ## - INTERNATIONAL STANDARD BOOK NUMBER
ISBN 9780078035494
050 ## - LIBRARY OF CONGRESS CALL NUMBER
Classification number BF 121.K538
100 ## - MAIN ENTRY--AUTHOR NAME
Personal name KING,LAURA A
245 ## - TITLE STATEMENT
Title THE SCIENCE OF PSYCHOLOGY
250 ## - EDITION STATEMENT
Edition statement SECOND EDITION IN MODULES
260 ## - PUBLICATION, DISTRIBUTION, ETC. (IMPRINT)
Place of publication 1221 AVENUE OF THE AMERICAS, NEW YORK, NY 10020
Name of publisher McGRAW HILL. Connect Learn Succeed
300 ## - PHYSICAL DESCRIPTION
Number of Pages 647
Other physical details xxx
650 ## - SUBJECT ADDED ENTRY--TOPICAL TERM
Topical Term Modules
942 ## - ADDED ENTRY ELEMENTS (KOHA)
Koha item type Books
988 ## - PAGINATION/EXTENT
PAGINATION/EXTENT xxx, 647p
Holdings
Source of acquisition Permanent Location Date acquired Collection code Koha item type Shelving location Accession Number Cost, normal purchase price Current Location Full call number
 Chapman Library2024-09-26ReferenceBooks 10642 Chapman LibraryBF 121.K538
LOGOS HOPEChapman Library2024-09-26ReferenceBooksReference1064350.00Chapman LibraryREF. BF 121.K538


CSUC Chapman Library is a Koha Automated Library.


Contact us: library@csuc.edu.gh.